[Event "Czech Chess Christmas 2005"]
[Site "Litomysl (CZE)"]
[Date "2005.12.28"]
[Round "4.20"]
[White "Mejzlik, Ondrej"]
[Black "Jedlicka, Ales"]
[Result "1/2-1/2"]
[WhiteElo "2105"]
[BlackElo "2289"]
[PlyCount "109"]
[EventDate "2005.12.26"]

1. c4 e5 2. Nc3 Nc6 3. g3 Nf6 4. Bg2 Bc5 5. d3 d6 6. h3 h6 7. e4 a5 8. Nge2 O-O
9. O-O Nh7 10. Kh2 Nd4 11. f4 c6 12. f5 Rb8 13. g4 b5 14. cxb5 cxb5 15. Nd5 f6
16. Be3 Nxe2 17. Qxe2 Bb7 18. Rac1 Bxd5 19. exd5 Rc8 20. Bxc5 dxc5 21. Rc2 Qd6
22. Be4 Rf7 23. Rfc1 Rfc7 24. b3 Nf8 25. Qe1 b4 26. a3 Rb8 27. Ra1 a4 28. Rb2
bxa3 29. Rxa3 c4 30. Rxa4 cxb3 31. Qb1 Rc3 32. Rc4 Rxc4 33. dxc4 Qa3 34. c5
Qxc5 35. Rxb3 Rc8 36. Bg2 Qd4 37. Qe4 Qxe4 38. Bxe4 Rc4 39. Bg2 Rd4 40. Rb8 g6
41. fxg6 Kg7 42. Rb7+ Kxg6 43. Kg3 h5 44. gxh5+ Kxh5 45. Rf7 Ng6 46. Rxf6 Kg5
47. Re6 Kf5 48. Bf3 Rd3 49. Re8 Nf4 50. Rf8+ Kg6 51. Kg4 Kg7 52. Rf5 Nxd5 53.
Rxe5 Nf6+ 54. Kf4 Kg6 55. h4 1/2-1/2

[Event "Czech Chess Christmas 2005"]
[Site "Litomysl (CZE)"]
[Date "2005.12.28"]
[Round "4.22"]
[White "Kukla, Maciej"]
[Black "Novotny, Michal"]
[Result "1-0"]
[WhiteElo "1972"]
[BlackElo "2233"]
[PlyCount "79"]
[EventDate "2005.12.26"]

1. e4 c5 2. Nf3 d6 3. d4 cxd4 4. Nxd4 Nf6 5. Nc3 a6 6. a4 e5 7. Nf3 h6 8. Bc4
Qc7 9. Qe2 Be6 10. Bxe6 fxe6 11. Nh4 Qf7 12. O-O Nc6 13. f4 exf4 14. Bxf4 g5
15. e5 gxf4 16. exf6 Qxf6 17. Qh5+ Kd7 18. Rad1 Qg5 19. Qf7+ Be7 20. Ng6 Rag8
21. Rxd6+ Kc7 22. Rxe6 Kb8 23. Ne4 Qg4 24. Qxf4+ Qxf4 25. Rxf4 Bg5 26. Nxg5
hxg5 27. Rfe4 Rh7 28. Re8+ Rxe8 29. Rxe8+ Kc7 30. Ne5 Nd4 31. Nf3 Nxc2 32. Nxg5
Rh5 33. Nf3 Nb4 34. g4 Ra5 35. b3 Nd3 36. Re3 Nf4 37. Re5 b5 38. Rf5 Ne2+ 39.
Kf2 Nc1 40. Rc5+ 1-0

[Event "Czech Chess Christmas 2005"]
[Site "Litomysl (CZE)"]
[Date "2005.12.28"]
[Round "4.23"]
[White "Riedl, Johannes"]
[Black "Kantorik, Marian"]
[Result "1-0"]
[WhiteElo "2117"]
[BlackElo "2326"]
[PlyCount "97"]
[EventDate "2005.12.26"]

1. e4 Nf6 2. Nc3 d5 3. exd5 Nxd5 4. Bc4 Nb6 5. Bb3 Nc6 6. Qf3 e6 7. Qg3 Nd4 8.
Nge2 Nxb3 9. axb3 Qd6 10. f4 g6 11. Ne4 Qe7 12. Qc3 e5 13. fxe5 Bg7 14. d4 Nd5
15. Qf3 f5 16. Nc5 c6 17. Nd3 O-O 18. Bd2 Rd8 19. O-O Be6 20. c4 Nb6 21. Rfe1
Qf7 22. Nef4 Bf8 23. Bc3 g5 24. Nxe6 Qxe6 25. Rf1 f4 26. Nf2 Be7 27. Ne4 Rf8
28. Nf2 h6 29. Rfd1 Rfd8 30. Ra5 Qg6 31. d5 Bf8 32. Ne4 Bg7 33. e6 Qf5 34. Bxg7
Kxg7 35. Nc3 Qc2 36. d6 Qxb3 37. c5 Nc4 38. Rxa7 Rxa7 39. e7 Raa8 40. Qe4 Ne3
41. exd8=Q Rxd8 42. Qe7+ Kg6 43. Qxd8 Qxb2 44. Qg8+ Kh5 45. Qe8+ Kh4 46. Qxe3
fxe3 47. d7 Qxc3 48. d8=Q e2 49. Rd4+ 1-0

[Event "Czech Chess Christmas 2005"]
[Site "Litomysl (CZE)"]
[Date "2005.12.28"]
[Round "4.26"]
[White "Srba, Milan"]
[Black "Skinke, Katrina"]
[Result "1-0"]
[WhiteElo "2213"]
[BlackElo "2064"]
[PlyCount "55"]
[EventDate "2005.12.26"]

1. e4 d6 2. d4 Nf6 3. Nc3 g6 4. Be3 c6 5. h3 Nbd7 6. f4 Qa5 7. Qf3 d5 8. e5 Ne4
9. Bd3 Qb4 10. Nge2 Qxb2 11. Rb1 Qa3 12. Nxe4 dxe4 13. Bxe4 e6 14. O-O Nb6 15.
Rb3 Qa5 16. Bf2 Be7 17. c4 Nxc4 18. Bxc6+ Kf8 19. Bxb7 Nd2 20. Qc6 Bxb7 21.
Rxb7 Nxf1 22. Rxe7 Kg7 23. Qxe6 Rhf8 24. Qf6+ Kg8 25. e6 Qxa2 26. Rxf7 Rxf7 27.
Qxf7+ Kh8 28. Bh4 1-0

[Event "Czech Chess Christmas 2005"]
[Site "Litomysl (CZE)"]
[Date "2005.12.28"]
[Round "4.27"]
[White "Walentukiewicz, Michal"]
[Black "Leks, Hanna"]
[Result "0-1"]
[WhiteElo "2070"]
[BlackElo "2209"]
[PlyCount "50"]
[EventDate "2005.12.26"]

1. e4 c5 2. Nf3 d6 3. g3 g6 4. Bg2 Bg7 5. d4 Bg4 6. c3 Nc6 7. Be3 Qb6 8. dxc5
Qxb2 9. Nbd2 Rd8 10. O-O dxc5 11. Rb1 Qxa2 12. Rxb7 Nf6 13. Qc1 O-O 14. Bxc5
Bxf3 15. Rb2 Qe6 16. Bxf3 Ne5 17. Be2 Nd3 18. Bxd3 Rxd3 19. Bd4 Bh6 20. f4 Nxe4
21. Re1 Bxf4 22. gxf4 Qg4+ 23. Kh1 Ng3+ 24. hxg3 Qh3+ 25. Kg1 Rxg3+ 0-1

[Event "Czech Chess Christmas 2005"]
[Site "Litomysl (CZE)"]
[Date "2005.12.28"]
[Round "4.30"]
[White "Jurkiewicz, Krzysztof"]
[Black "Van Nieuwenhuize, Hans"]
[Result "1-0"]
[WhiteElo "2151"]
[BlackElo "1843"]
[PlyCount "47"]
[EventDate "2005.12.26"]

1. d4 Nf6 2. c4 e6 3. g3 d5 4. Bg2 c6 5. Nf3 Bd6 6. c5 Bc7 7. b4 a5 8. Qa4 b5
9. cxb6 Bxb6 10. O-O Ba6 11. Nc3 Ne4 12. Nxe4 dxe4 13. Ne5 Bxd4 14. Nxc6 Qd7
15. Bxe4 Bxa1 16. Rd1 Qxd1+ 17. Qxd1 Nd7 18. Nxa5 Rc8 19. Bc6 O-O 20. b5 Ne5
21. Ba3 Nxc6 22. Nxc6 Bxb5 23. Ne7+ Kh8 24. Nxc8 1-0

[Event "Czech Chess Christmas 2005"]
[Site "Litomysl (CZE)"]
[Date "2005.12.28"]
[Round "4.32"]
[White "Gruber, Michael"]
[Black "Simek, Jan"]
[Result "1/2-1/2"]
[WhiteElo "2134"]
[BlackElo "1991"]
[PlyCount "62"]
[EventDate "2005.12.26"]

1. e4 c5 2. Nf3 e6 3. b3 Nc6 4. Bb2 d6 5. Nc3 Nf6 6. d4 cxd4 7. Nxd4 Be7 8. Be2
O-O 9. Qd2 a6 10. O-O Qc7 11. Bf3 Ne5 12. Be2 Nc6 13. Nxc6 bxc6 14. Rfe1 d5 15.
Bf3 Bb7 16. exd5 cxd5 17. Rad1 Rac8 18. Qd4 Bd6 19. Qh4 Rfe8 20. Ne2 e5 21. c4
Bb4 22. Bc3 Bxc3 23. Nxc3 dxc4 24. Bxb7 Qxb7 25. bxc4 Qb4 26. Ne4 Nxe4 27. Qxe4
Rxc4 28. Qd5 e4 29. Rb1 Qc3 30. Qd7 Rf8 31. Qb7 a5 1/2-1/2

[Event "Czech Chess Christmas 2005"]
[Site "Litomysl (CZE)"]
[Date "2005.12.28"]
[Round "4.34"]
[White "Plat, Vojtech"]
[Black "Fuchs, Georg"]
[Result "1/2-1/2"]
[WhiteElo "1996"]
[BlackElo "2237"]
[PlyCount "73"]
[EventDate "2005.12.26"]

1. e4 e5 2. Nf3 Nf6 3. Nxe5 d6 4. Nf3 Nxe4 5. Qe2 Qe7 6. d3 Nf6 7. Bg5 Be6 8.
Nc3 h6 9. Bxf6 Qxf6 10. O-O-O Be7 11. d4 c6 12. d5 cxd5 13. Qb5+ Nd7 14. Qxb7
Qf4+ 15. Nd2 Rb8 16. Qxa7 Bf6 17. g3 Qb4 18. Nb3 Nc5 19. Bg2 O-O 20. Bxd5 Bxc3
21. bxc3 Qxc3 22. Nxc5 Qb2+ 23. Kd2 Bxd5 24. Nd3 Qf6 25. Rhe1 Ra8 26. Qe7 Qd4
27. Qe3 Qc4 28. Qf4 Qc6 29. Qd4 Rfc8 30. Nb4 Qa4 31. Qxd5 Qxb4+ 32. Ke2 Rxc2+
33. Kf1 Qa3 34. Qf5 Rxa2 35. Re7 Qa6+ 36. Kg1 Qc4 37. Qd5 1/2-1/2

[Event "Czech Chess Christmas 2005"]
[Site "Litomysl (CZE)"]
[Date "2005.12.28"]
[Round "4.39"]
[White "Palla, Rostislav"]
[Black "Motyl, Tomasz"]
[Result "0-1"]
[WhiteElo "1792"]
[BlackElo "2070"]
[PlyCount "52"]
[EventDate "2005.12.26"]

1. e4 g6 2. d4 d6 3. Bd3 e5 4. d5 Nd7 5. Nc3 Bg7 6. Nge2 Ne7 7. Ng3 O-O 8. Be3
c6 9. dxc6 bxc6 10. Qd2 d5 11. exd5 cxd5 12. Bh6 Rb8 13. Bxg7 Kxg7 14. b3 Qa5
15. Na4 Qxd2+ 16. Kxd2 f5 17. h4 f4 18. Nf1 e4 19. Be2 Ne5 20. Nh2 Nf5 21. Nf1
Nd4 22. Nc3 Bb7 23. a4 Rbc8 24. Rc1 Rxc3 25. Kxc3 Nxe2+ 26. Kd2 Nxc1 0-1

[Event "Czech Chess Christmas 2005"]
[Site "Litomysl (CZE)"]
[Date "2005.12.28"]
[Round "4.43"]
[White "Kozjukova, Olga"]
[Black "Leks, Maria"]
[Result "1-0"]
[WhiteElo "2026"]
[BlackElo "1718"]
[PlyCount "47"]
[EventDate "2005.12.26"]

1. e4 c5 2. Nf3 e6 3. d4 cxd4 4. Nxd4 a6 5. Bd3 Nf6 6. O-O d6 7. c4 b6 8. Nc3
Bb7 9. Qe2 g6 10. Bg5 Bg7 11. Nb3 Nbd7 12. f4 O-O 13. e5 dxe5 14. fxe5 Nxe5 15.
Qxe5 Qxd3 16. Bxf6 Bxf6 17. Qxf6 Qxc4 18. Rad1 Qc6 19. Rf2 b5 20. Nd4 Qc5 21.
Nf3 Bc6 22. Ne5 Be8 23. Ne4 Qc7 24. Ng5 1-0

[Event "Czech Chess Christmas 2005"]
[Site "Litomysl (CZE)"]
[Date "2005.12.29"]
[Round "5.3"]
[White "Szoen, Dariusz"]
[Black "Moldovan, Daniel"]
[Result "0-1"]
[WhiteElo "2450"]
[BlackElo "2425"]
[PlyCount "110"]
[EventDate "2005.12.26"]

1. d4 Nf6 2. c4 c5 3. d5 g6 4. Nc3 Bg7 5. e4 d6 6. Nf3 O-O 7. Be2 e6 8. dxe6
Bxe6 9. Bf4 Qb6 10. Qb3 Nc6 11. Bxd6 Rfe8 12. Rd1 Bg4 13. h3 Bxf3 14. gxf3 Nh5
15. Nd5 Qa5+ 16. Kf1 Nd4 17. Qa3 Qxa3 18. bxa3 Be5 19. Bxc5 Ne6 20. Be3 Rac8
21. Rc1 Kg7 22. Rg1 Nhf4 23. Rg4 Nxe2 24. Kxe2 Nd4+ 25. Bxd4 Bxd4 26. Ne3 Bxe3
27. fxe3 Re5 28. Kd3 Rec5 29. Rg2 b5 30. Rgc2 Rd8+ 31. Ke2 Rdc8 32. Rb1 bxc4
33. Rb7 a5 34. Rd7 Rh5 35. Rd4 Rxh3 36. Rcxc4 Rh2+ 37. Kd3 Rxc4 38. Rxc4 Rxa2
39. Ra4 h5 40. Rxa5 h4 41. Rb5 Rxa3+ 42. Kd4 Ra1 43. Rb2 g5 44. Rg2 Kg6 45. Kd3
Kh5 46. Rh2 f6 47. e5 fxe5 48. Ke4 Rf1 49. Rg2 h3 50. Rg3 g4 51. fxg4+ Kh4 52.
Rxh3+ Kxh3 53. g5 Rg1 54. Kf5 Kh4 55. g6 Kh5 0-1

[Event "Czech Chess Christmas 2005"]
[Site "Litomysl (CZE)"]
[Date "2005.12.29"]
[Round "5.9"]
[White "Zawadzki, Stanislaw"]
[Black "Kukla, Maciej"]
[Result "1-0"]
[WhiteElo "2404"]
[BlackElo "1972"]
[PlyCount "73"]
[EventDate "2005.12.26"]

1. Nf3 Nf6 2. c4 d6 3. Nc3 g6 4. g3 Bg7 5. Bg2 O-O 6. O-O e5 7. d3 c5 8. Rb1
Nc6 9. a3 a5 10. Bd2 h6 11. Ne1 Be6 12. Nc2 Qb6 13. Ne3 Nd4 14. b3 Ra7 15. Ned5
Nxd5 16. Nxd5 Bxd5 17. Bxd5 Qc7 18. e3 Nc6 19. b4 axb4 20. axb4 Ne7 21. Bg2 Rd8
22. Qb3 b6 23. Ra1 Nc6 24. Rxa7 Nxa7 25. b5 Nc8 26. Bc3 Ne7 27. Ra1 Qd7 28. e4
g5 29. Ra6 Rb8 30. Qd1 Qb7 31. Bh3 Ra8 32. Qa1 Rxa6 33. bxa6 Qa7 34. Qa4 Bf8
35. Qb5 Kg7 36. Bd7 Qc7 37. Ba5 1-0

[Event "Czech Chess Christmas 2005"]
[Site "Litomysl (CZE)"]
[Date "2005.12.29"]
[Round "5.21"]
[White "Svoboda, Vaclav"]
[Black "Srba, Milan"]
[Result "1/2-1/2"]
[WhiteElo "2008"]
[BlackElo "2213"]
[PlyCount "50"]
[EventDate "2005.12.26"]

1. e4 e6 2. d4 d5 3. exd5 exd5 4. c4 Nf6 5. Nc3 c6 6. Nf3 Be7 7. Bd3 O-O 8. O-O
Bg4 9. cxd5 Nxd5 10. Be4 Nf6 11. Bc2 Na6 12. a3 Bxf3 13. Qxf3 Qxd4 14. Bg5 Rfe8
15. Rfe1 h6 16. Rad1 Qc5 17. Be3 Qh5 18. Qxh5 Nxh5 19. Rd7 Nc5 20. Bxc5 Bxc5
21. Rxe8+ Rxe8 22. Kf1 b5 23. Rc7 Bd4 24. Rxc6 Kf8 25. g3 Nf6 1/2-1/2

[Event "Czech Chess Christmas 2005"]
[Site "Litomysl (CZE)"]
[Date "2005.12.29"]
[Round "5.23"]
[White "Motyl, Tomasz"]
[Black "Bartel, Michal"]
[Result "0-1"]
[WhiteElo "2070"]
[BlackElo "2230"]
[PlyCount "52"]
[EventDate "2005.12.26"]

1. e4 e5 2. Nf3 Nc6 3. Nc3 g6 4. d4 exd4 5. Nd5 Bg7 6. Bg5 Nce7 7. e5 h6 8. Bf6
Nxf6 9. Nxf6+ Bxf6 10. exf6 Nc6 11. Qe2+ Kf8 12. O-O-O Qxf6 13. Qc4 d6 14. Nxd4
Nxd4 15. Rxd4 Be6 16. Qa4 Qxf2 17. Bd3 Kg7 18. Rf4 Qe3+ 19. Kb1 Rhe8 20. Re4
Qc5 21. Rhe1 c6 22. b4 Qc3 23. R4e3 a5 24. Bxg6 axb4 25. Qxa8 Rxa8 26. Rxc3
Bxa2+ 0-1

[Event "Czech Chess Christmas 2005"]
[Site "Litomysl (CZE)"]
[Date "2005.12.29"]
[Round "5.30"]
[White "Posmurny, Oldrich"]
[Black "Plat, Vojtech"]
[Result "1/2-1/2"]
[WhiteElo "2141"]
[BlackElo "1996"]
[PlyCount "64"]
[EventDate "2005.12.26"]

1. Nc3 Nf6 2. e4 d5 3. exd5 Nxd5 4. Bc4 e6 5. Qf3 c6 6. Nge2 Bd6 7. d4 O-O 8.
Ne4 f5 9. Nxd6 Qxd6 10. O-O Nd7 11. Nf4 N7f6 12. Nd3 Nb6 13. Bb3 Ne4 14. c3 Nd5
15. Qe2 b5 16. a3 c5 17. dxc5 Nxc5 18. Nxc5 Qxc5 19. c4 bxc4 20. Bxc4 f4 21. b4
Qb6 22. Bb2 f3 23. Qe5 Qb7 24. Bxd5 exd5 25. Rfd1 fxg2 26. Qxd5+ Qxd5 27. Rxd5
Bb7 28. Rd7 Rf7 29. Rad1 Raf8 30. Rxf7 Rxf7 31. Rd8+ Rf8 32. Rd7 Rf7 1/2-1/2

[Event "Czech Chess Christmas 2005"]
[Site "Litomysl (CZE)"]
[Date "2005.12.29"]
[Round "5.31"]
[White "Dorjkhu, Tuvsinbajar"]
[Black "Kurtyka, Barbara"]
[Result "0-1"]
[WhiteElo "2137"]
[BlackElo "1946"]
[PlyCount "70"]
[EventDate "2005.12.26"]

1. Nf3 c5 2. c4 Nc6 3. g3 g6 4. Bg2 Bg7 5. O-O Nf6 6. Nc3 O-O 7. b3 d6 8. Bb2
a6 9. Rc1 Rb8 10. e3 b5 11. d3 bxc4 12. dxc4 Bb7 13. Rc2 Nd7 14. Qa1 Nb4 15.
Rd2 Ne5 16. Nxe5 Bxe5 17. Ne4 Bxb2 18. Qxb2 Qc7 19. a3 Nc6 20. f4 Na5 21. Ng5
Nxc4 22. Qc3 Nxd2 23. Qxd2 Bxg2 24. Qxg2 Rxb3 25. Qh3 h5 26. g4 Qa5 27. gxh5
Qd2 28. Qh4 Qxe3+ 29. Kh1 Qd3 30. Rf3 Qd1+ 31. Kg2 Qe2+ 32. Rf2 Qxh5 33. Qxh5
gxh5 34. Re2 f6 35. Ne6 Rfb8 0-1

[Event "Czech Chess Christmas 2005"]
[Site "Litomysl (CZE)"]
[Date "2005.12.29"]
[Round "5.32"]
[White "Pekar, Vaclav"]
[Black "Gruber, Michael"]
[Result "0-1"]
[WhiteElo "1884"]
[BlackElo "2134"]
[PlyCount "42"]
[EventDate "2005.12.26"]

1. e3 d6 2. d4 f5 3. c4 Nf6 4. Nc3 g6 5. Nf3 Bg7 6. Be2 c6 7. O-O O-O 8. b4 e5
9. dxe5 dxe5 10. Qb3 Qe8 11. Ba3 b6 12. Rad1 e4 13. Nd4 Be6 14. Rd2 Nfd7 15.
Rfd1 Ne5 16. Nxe6 Qxe6 17. Rd6 Qf7 18. c5 Qxb3 19. axb3 Nf7 20. Bb2 Nxd6 21.
Rxd6 b5 0-1

[Event "Czech Chess Christmas 2005"]
[Site "Litomysl (CZE)"]
[Date "2005.12.29"]
[Round "5.39"]
[White "Van Nieuwenhuize, Hans"]
[Black "Walentukiewicz, Michal"]
[Result "1/2-1/2"]
[WhiteElo "1843"]
[BlackElo "2070"]
[PlyCount "45"]
[EventDate "2005.12.26"]

1. d4 Nf6 2. c4 c5 3. d5 d6 4. Nc3 g6 5. e4 Bg7 6. Be2 O-O 7. Nf3 e6 8. O-O
exd5 9. exd5 Bg4 10. h3 Bxf3 11. Bxf3 Na6 12. Bg5 h6 13. Bh4 Nc7 14. a4 Rb8 15.
Qc2 b6 16. Ne4 g5 17. Bg3 Nxe4 18. Bxe4 Qf6 19. b3 Rbd8 20. Rae1 Qc3 21. Re3
Qxc2 22. Bxc2 Bf6 23. Rfe1 1/2-1/2

[Event "Czech Chess Christmas 2005"]
[Site "Litomysl (CZE)"]
[Date "2005.12.30"]
[Round "6.1"]
[White "Moldovan, Daniel"]
[Black "Gajewski, Grzegorz"]
[Result "1/2-1/2"]
[WhiteElo "2425"]
[BlackElo "2461"]
[PlyCount "24"]
[EventDate "2005.12.26"]

1. e4 e5 2. Nf3 Nc6 3. Bb5 a6 4. Ba4 Nf6 5. O-O b5 6. Bb3 Be7 7. Re1 d6 8. c3
O-O 9. d3 Na5 10. Bc2 c5 11. Nbd2 Nc6 12. Nf1 d5 1/2-1/2

[Event "Czech Chess Christmas 2005"]
[Site "Litomysl (CZE)"]
[Date "2005.12.30"]
[Round "6.2"]
[White "Dydyshko, Viacheslav"]
[Black "Bernasek, Jan"]
[Result "1-0"]
[WhiteElo "2551"]
[BlackElo "2440"]
[PlyCount "83"]
[EventDate "2005.12.26"]

1. d4 Nf6 2. c4 g6 3. Nc3 d5 4. Bg5 Ne4 5. Bh4 c5 6. cxd5 Nxc3 7. bxc3 Qxd5 8.
e3 Bg7 9. Nf3 cxd4 10. cxd4 Nc6 11. Be2 e5 12. dxe5 Qa5+ 13. Qd2 Qxd2+ 14. Kxd2
Nxe5 15. Rab1 O-O 16. Nd4 Nc6 17. Nxc6 bxc6 18. Rhc1 Be6 19. Bc4 Rfe8 20. Rb7
Be5 21. Bxe6 Rxe6 22. Bg3 Rd6+ 23. Ke2 Bxg3 24. hxg3 Rad8 25. Rc2 a5 26. Rb6 h5
27. Rbxc6 Rxc6 28. Rxc6 Rb8 29. Rc2 a4 30. Kf3 Rb4 31. Rd2 g5 32. e4 Kg7 33.
Ke3 Rb1 34. Rd4 Rg1 35. Ke2 Rxg2 36. Kf1 Rh2 37. Kg1 Rh3 38. Kg2 g4 39. Rxa4
Kg6 40. Ra6+ Kg7 41. e5 Kf8 42. Rh6 1-0

[Event "Czech Chess Christmas 2005"]
[Site "Litomysl (CZE)"]
[Date "2005.12.30"]
[Round "6.3"]
[White "Manik, Mikulas"]
[Black "Novak, Pavel"]
[Result "1-0"]
[WhiteElo "2474"]
[BlackElo "2345"]
[PlyCount "85"]
[EventDate "2005.12.26"]

1. e4 e5 2. Nf3 Nf6 3. Nxe5 d6 4. Nf3 Nxe4 5. Nc3 Nxc3 6. dxc3 Be7 7. Bf4 O-O
8. Qd2 Nd7 9. O-O-O Nc5 10. h4 Bg4 11. h5 Qd7 12. Re1 Bf6 13. Nd4 Rfe8 14.
Rxe8+ Rxe8 15. f3 Qa4 16. Kb1 Bd7 17. b3 Qa5 18. h6 Ne6 19. Be3 g6 20. Bc4 c5
21. Ne2 b5 22. Bxe6 Rxe6 23. Bxc5 dxc5 24. Qxd7 Qd8 25. Qxb5 a6 26. Qc4 Qd2 27.
Nf4 Re8 28. Nd5 Bg5 29. f4 Re2 30. Qd3 Bxh6 31. Qxd2 Rxd2 32. c4 Bg7 33. g4 h6
34. Rg1 Bd4 35. Re1 Rg2 36. c3 Bg7 37. Re8+ Kh7 38. b4 cxb4 39. cxb4 h5 40.
gxh5 gxh5 41. c5 h4 42. c6 h3 43. Re3 1-0

[Event "Czech Chess Christmas 2005"]
[Site "Litomysl (CZE)"]
[Date "2005.12.30"]
[Round "6.4"]
[White "Vokac, Marek"]
[Black "Jackova, Jana"]
[Result "1-0"]
[WhiteElo "2445"]
[BlackElo "2389"]
[PlyCount "85"]
[EventDate "2005.12.26"]

1. Nf3 Nf6 2. c4 e6 3. g3 b6 4. Bg2 Bb7 5. O-O c5 6. b3 Be7 7. Bb2 O-O 8. e3 d6
9. Qe2 Nbd7 10. Rd1 Qc7 11. Nc3 Rad8 12. Rac1 Qb8 13. d4 Qa8 14. d5 exd5 15.
cxd5 Nxd5 16. Nxd5 Bxd5 17. Rxd5 Qxd5 18. Nd4 Qg5 19. h4 Qg6 20. h5 Qh6 21. Nf5
Qg5 22. Bh3 Ne5 23. f4 Qf6 24. Rf1 h6 25. Kh2 Kh7 26. e4 g6 27. Ne3 Qg7 28. Nd5
Rde8 29. fxe5 dxe5 30. Nc7 Rb8 31. hxg6+ fxg6 32. Ne6 Qh8 33. Nxf8+ Rxf8 34.
Rxf8 Bxf8 35. Qf1 Bd6 36. Be6 Qg7 37. Kg2 Be7 38. Qf7 Bf6 39. Kf3 h5 40. Ke2
Kh6 41. Kd3 Qh8 42. Bc1+ g5 43. Bf5 1-0

[Event "Czech Chess Christmas 2005"]
[Site "Litomysl (CZE)"]
[Date "2005.12.30"]
[Round "6.5"]
[White "Zeberski, Jakub"]
[Black "Neuman, Petr"]
[Result "1-0"]
[WhiteElo "2384"]
[BlackElo "2414"]
[PlyCount "55"]
[EventDate "2005.12.26"]

1. e4 c5 2. Nf3 d6 3. d4 cxd4 4. Nxd4 Nf6 5. Nc3 Nc6 6. Bg5 Bd7 7. Qd2 Rc8 8.
Nb3 h6 9. Bxf6 gxf6 10. Bd3 a6 11. O-O e6 12. f4 b5 13. f5 h5 14. fxe6 fxe6 15.
Qf2 Ne5 16. Kh1 h4 17. h3 Be7 18. a4 bxa4 19. Nxa4 Nxd3 20. cxd3 Rb8 21. Nd4
Rb4 22. b3 Kf7 23. Nb2 e5 24. Nf5 Bxf5 25. Qxf5 Rxb3 26. Nc4 Rxd3 27. Rxa6 Qc8
28. Nxe5+ 1-0

[Event "Czech Chess Christmas 2005"]
[Site "Litomysl (CZE)"]
[Date "2005.12.30"]
[Round "6.6"]
[White "Luch, Michal"]
[Black "Zawadzki, Stanislaw"]
[Result "0-1"]
[WhiteElo "2378"]
[BlackElo "2404"]
[PlyCount "132"]
[EventDate "2005.12.26"]

1. d4 d5 2. c4 c6 3. Nf3 Nf6 4. e3 Bg4 5. cxd5 Bxf3 6. gxf3 cxd5 7. Qb3 Qb6 8.
Qxb6 axb6 9. Bb5+ Nc6 10. Nc3 e6 11. Bd2 Be7 12. Na4 Nd7 13. Ke2 O-O 14. Rhc1
Rfc8 15. a3 Bd6 16. f4 Bxf4 17. Bxc6 bxc6 18. Nxb6 Nxb6 19. exf4 Nc4 20. Rc2
Rcb8 21. Rac1 Rb3 22. Bc3 g6 23. Ra1 Kg7 24. a4 Kf6 25. Ra2 Ra6 26. Rc1 Kf5 27.
Rg1 Rab6 28. a5 Ra6 29. Rg3 h5 30. Rg5+ Kf6 31. Rg1 Kf5 32. Rg5+ Kf6 33. Rg1
Nd6 34. f3 Nb5 35. Rc1 Kf5 36. Ra4 Nxc3+ 37. bxc3 Kxf4 38. Kd3 Rb5 39. Rca1 h4
40. R4a2 h3 41. Ke2 c5 42. dxc5 Rxc5 43. Ra4+ Kf5 44. Kd3 e5 45. R1a2 g5 46.
Ra1 f6 47. R1a2 Rb5 48. Ke3 Rb3 49. Kd2 Rb1 50. Ke3 Rc1 51. Kd3 Rg1 52. Ke3 Ke6
53. Rb2 Kd6 54. Rb5 Rg2 55. Rab4 Kc6 56. Rb8 Rxh2 57. Rc8+ Kd6 58. Rh8 Ra2 59.
Rh6 Ke6 60. Rb8 R2xa5 61. Rc8 Ra3 62. Kf2 h2 63. Kg3 Ra2 64. Rf8 Kf5 65. Rd8
Rc2 66. Rxd5 Raa2 0-1

[Event "Czech Chess Christmas 2005"]
[Site "Litomysl (CZE)"]
[Date "2005.12.30"]
[Round "6.7"]
[White "Kulhanek, Tomas"]
[Black "Urbanec, Ladislav"]
[Result "0-1"]
[WhiteElo "2392"]
[BlackElo "2260"]
[PlyCount "116"]
[EventDate "2005.12.26"]

1. e4 e5 2. Nf3 Nc6 3. Bb5 d6 4. d4 exd4 5. Nxd4 Bd7 6. Nc3 Nf6 7. O-O Be7 8.
Bxc6 bxc6 9. b3 c5 10. Nde2 O-O 11. Bb2 Rb8 12. Ng3 a5 13. Nf5 a4 14. Qd3 axb3
15. Nxe7+ Qxe7 16. axb3 Rb4 17. Rfe1 Re8 18. Qg3 Nh5 19. Qf3 Nf6 20. Qg3 Nh5
21. Qe3 Nf6 22. Ra7 Bc6 23. f3 h6 24. Ne2 Rb7 25. Rxb7 Bxb7 26. Ng3 Bc8 27. Qf4
Nd5 28. Qd2 Nf6 29. Ra1 Be6 30. Ra7 Nh7 31. Nh5 f6 32. Nf4 Rc8 33. Qa5 Bf7 34.
Qa6 Qe8 35. h3 Nf8 36. Bc3 d5 37. Qd3 d4 38. Bd2 c6 39. Qa6 Nd7 40. Nd3 c4 41.
bxc4 c5 42. Bf4 Nf8 43. Bd6 Rc6 44. Qb7 Rxd6 45. Nxc5 Rc6 46. Ra8 Qxa8 47. Qxa8
Rxc5 48. Qd8 Rxc4 49. f4 Rxc2 50. Qxd4 Ne6 51. Qd6 Re2 52. e5 fxe5 53. fxe5 Nf4
54. Qd8+ Kh7 55. Qf8 Rxg2+ 56. Kf1 Bc4+ 57. Ke1 Nd3+ 58. Kf1 Rf2+ 0-1

[Event "Czech Chess Christmas 2005"]
[Site "Litomysl (CZE)"]
[Date "2005.12.30"]
[Round "6.10"]
[White "Riedl, Johannes"]
[Black "Plischki, Sebastian"]
[Result "0-1"]
[WhiteElo "2117"]
[BlackElo "2369"]
[PlyCount "49"]
[EventDate "2005.12.26"]

1. d4 Nf6 2. Nf3 g6 3. g3 Bg7 4. Bg2 O-O 5. O-O d6 6. c4 Nbd7 7. Qc2 e5 8. Rd1
Qe7 9. Nc3 c6 10. e4 Re8 11. h3 exd4 12. Nxd4 Nc5 13. f3 a5 14. b3 Qc7 15. g4
h5 16. Bf4 hxg4 17. hxg4 Nfd7 18. Rd2 Ne5 19. Rad1 a4 20. b4 Ne6 21. Nxe6 Bxe6
22. c5 dxc5 23. bxc5 Nxf3+ 24. Bxf3 Qxf4 25. Rf1 0-1

[Event "Czech Chess Christmas 2005"]
[Site "Litomysl (CZE)"]
[Date "2005.12.30"]
[Round "6.13"]
[White "Kotan, Ladislav"]
[Black "Herbold, Manfred"]
[Result "1-0"]
[WhiteElo "2364"]
[BlackElo "2197"]
[PlyCount "81"]
[EventDate "2005.12.26"]

1. e4 e6 2. d4 b5 3. Bxb5 Bb7 4. Qe2 f5 5. Nd2 Nf6 6. Bd3 c5 7. dxc5 Bxc5 8.
Ngf3 O-O 9. O-O fxe4 10. Nxe4 Nxe4 11. Bxe4 Bxe4 12. Qxe4 Nc6 13. c3 a5 14. b3
Qf6 15. Bg5 Qxc3 16. Rac1 Qb4 17. Rc4 Qb6 18. Qh4 Rxf3 19. gxf3 Ne5 20. Qe4 d5
21. Qxe5 dxc4 22. bxc4 Rc8 23. Bd2 a4 24. Bc3 Rc7 25. Kg2 Rf7 26. Qe4 Qd6 27.
Rb1 Qf4 28. Be5 Qg5+ 29. Bg3 Qe7 30. Rb8+ Rf8 31. Rxf8+ Qxf8 32. Qxe6+ Kh8 33.
Be5 a3 34. h4 Be7 35. h5 Bf6 36. h6 Qd8 37. f4 Qf8 38. Kg3 Qd8 39. f3 Qf8 40.
c5 Qd8 41. c6 1-0

[Event "Czech Chess Christmas 2005"]
[Site "Litomysl (CZE)"]
[Date "2005.12.30"]
[Round "6.16"]
[White "Gumula, Daniel"]
[Black "Korpalski, Robert"]
[Result "1-0"]
[WhiteElo "2293"]
[BlackElo "2150"]
[PlyCount "45"]
[EventDate "2005.12.26"]

1. e4 c5 2. Nf3 e6 3. c3 d5 4. exd5 exd5 5. d4 Nc6 6. Be3 c4 7. b3 cxb3 8. axb3
Bd6 9. Be2 Nf6 10. h3 Ne4 11. O-O O-O 12. c4 Re8 13. Qc1 Qf6 14. Nc3 Nb4 15.
Ra4 Bd7 16. Rxb4 Nxc3 17. Qxc3 Bxh3 18. gxh3 Qg6+ 19. Kh1 Qf5 20. Ng1 Re6 21.
c5 Rg6 22. cxd6 Rxg1+ 23. Kxg1 1-0

[Event "Czech Chess Christmas 2005"]
[Site "Litomysl (CZE)"]
[Date "2005.12.30"]
[Round "6.18"]
[White "Sabol, Marian"]
[Black "Borik, Juraj"]
[Result "1-0"]
[WhiteElo "2287"]
[BlackElo "2146"]
[PlyCount "87"]
[EventDate "2005.12.26"]

1. b3 e5 2. Bb2 d6 3. g3 Nc6 4. Bg2 Nf6 5. e3 g6 6. Ne2 Bg7 7. O-O O-O 8. c4 e4
9. d3 exd3 10. Nf4 Ne5 11. Nxd3 Qe7 12. Nc3 c6 13. e4 h5 14. f4 Ned7 15. h3 Nc5
16. Nxc5 dxc5 17. e5 Ne8 18. Ne4 Bf5 19. Qe2 Rd8 20. Rad1 Rxd1 21. Rxd1 f6 22.
exf6 Nxf6 23. Bxf6 Bxf6 24. Nxf6+ Qxf6 25. Kh2 Kf7 26. Qf2 Qe7 27. Re1 Qd6 28.
Re5 Re8 29. Rxc5 Kg8 30. a4 Bd3 31. Rg5 h4 32. c5 Qf6 33. gxh4 Kf7 34. h5 gxh5
35. Rxh5 Be4 36. Rg5 Bxg2 37. Rxg2 Re4 38. Qg3 Re8 39. Qg5 b6 40. cxb6 axb6 41.
Qh5+ Kf8 42. Rg8+ Kxg8 43. Qxe8+ Kh7 44. Qh5+ 1-0